1846 1556 1613 1084 1608 1542 1510 1048 1467 1234 1557 1527 1962 1301 1855 1759 1486 1121 1735 1173 1693 1563 1706 1348 1706 1212 1266 1291 1966 1034 1124 1520 1108 1709 1847 1185 1599 1744 1359 1477 1675 1328 1429 1167 1212 1214 1995 1947 1376 1946 1539 1764 1879 1443 1598 1304 1610 1213 1252 1433 1582 1800 1383 1679 1402 1983 1755 1079 1253 1873 1442 1124 1809 1090 1717 1524 1172 1875 1071 1314 1177 1415 1042 1567 1017 1146 1616 1511 1607 1486 1126 1623 1334 1853 1051 1879 1463 1161 1789 BCNSPRNW ULIB Ver.6.0+V

เปลี่ยนเป็นภาษาไทย

Change to English
 แสดงรายละเอียดบรรณานุกรม
  กลับหน้าหลัก

Brief Record : Get Marc (ISO 2709) : E-mail record : QR code < ปิดหน้าต่าง
LEADER : 00000nam 2200000uu 4500
001    13399125583
003     ULIB
008    170701s2558||||th 000 0 tha d
020    ^a9786163202307
060 04 ^aW327^bด123ค
100 0  ^aดนัย นนทนันท์
245 00 ^aคู่มือดูแลสุขภาพด้วยตนเองเบื้องต้น /^cดนัย นนทนันท์
260    ^aกรุงเทพฯ :^bซีเอ็ดยูเคชั่น,^c2558
300    ^a111 หน้า :^bภาพประกอบ
650  4 ^aการดูแลตนเอง
650  4 ^aโรค, การป้องกันและรักษา
700 0  ^aพัชรา จำรัสพร
945    ^p90^l0^i25241
999    ^aทศพร เกษรทอง
รายการนี้ยังไม่มีแท็ก
คุณยังไม่ได้ล็อกอิน คุณสามารถมีกิจกรรมร่วมกับเว็บไซต์ได้ แต่ต้องล็อกอินก่อน ::
  ล็อกอิน

รายการสื่อสารสนเทศ

ลำดับที่ ประเภท เลขเรียก/บาร์โค้ด สถานที่ สถานะ
1. วิทยาศาสตร์การแพทย์ และสุขภาพ
วิทยาศาสตร์การแพทย์ และสุขภาพ
สถานะ=หนังสือเก่า
W327 ด123ค ฉ.1 
  Barcode: 25241
ห้องสมุดวิทยาเขตนครสวรรค์
►ส่วนจัดเก็บหนังสือเก่า นว.
บนชั้น
  ขอยืม

รายการใกล้เคียง
    ผู้แต่ง [ดนัย นนทนันท์]

    หัวเรื่อง [การดูแลตนเอง]
    หัวเรื่อง [โรค, การป้องกันและรักษา]

BibComment


ยังไม่เคยถูกคอมเมนท์

คอมเมนท์ทรัพยากรรายการนี้
  คอมเมนท์: คู่มือดูแลสุขภาพ..


 Copyright 2026. Bcnsprnw @Library